Svetový obchod a rozvojové krajiny diplomová práca

Enregistré dans:
Détails bibliographiques
Auteur principal: Szurdiová, Anita
Collectivité auteur: Obchodná fakulta EU. Katedra medzinárodného obchodu
Autres auteurs: Gavaľová, Viera
Format: Livre
Langue:slovaque
Publié: Bratislava 2015
Tags: Ajouter un tag
Pas de tags, Soyez le premier à ajouter un tag!

MARC

LEADER 00000nbm a2200000 4500
001 0206532
005 20161212110526.7
041 0 |a slo 
044 |a SK 
245 1 0 |a Svetový obchod a rozvojové krajiny  |b diplomová práca  |c Anita Szurdiová ; školiteľ: Viera Gavaľová 
264 1 |a Bratislava  |c 2015 
300 |a 66 s. 
100 1 |a Szurdiová, Anita 
700 1 |a Gavaľová, Viera 
710 2 |a Obchodná fakulta EU. Katedra medzinárodného obchodu